000
00314pab a2200133 454500
008
180718b1990 xxu||||| |||| 00| 0 eng d
245
_a
Status of women and employment
260
_c
1990
300
_a
3-94
362
_a
Jun.
650
_a
Women - Legal Status - India
773
_a
Social Change
909
_a
20991
999
_c
20991
_d
20991